000 00522nam a2200181Ia 4500
003 GCL
008 140319s9999 xx 000 0 ara d
040 _aGCL /
_cGCL
082 0 4 _a255.7
_bا د
100 1 _aاحمد فتحى بهنسى
245 1 0 _aالدية فى الشريعة الاسلامية /
_cاحمد فتحى بهنسى
260 _a[S.N] :
_bدار الشروق ،
_c1988
300 _a185 ص
490 _a
650 0 4 _aالشريعة الاسلامية
650 0 4 _aالدية
942 _2ddc
_cBK
999 _c52352
_d52352